• 首页
  • 本馆介绍
  • 公告通知
  • 最新文献
  • 馆藏检索
  • 电子资源
  • 读者导购
  • 参考咨询
  • 我的图书馆
  • 登录
  • 详细信息显示
  • 放入我的书架
  • 预约/预借图书
  • 作者相关作品
  • 分类相关作品
  • 丛书相关作品
  • 出版社相关作品

书目信息

  • 表格格式
  • 工作单格式
  • 卡片格式
题名:
从零开始
    
 
作者: 肖连 编著
分册:   C++程序设计基础教程
出版信息: 北京   人民邮电出版社  2021
页数: 312页
开本: 26cm
丛书名: 人邮云课堂
单 册:
中图分类: TP312.8C++ , TP312.8
科图分类:
主题词: C++语言--C++ yu yan--程序设计
电子资源:
ISBN: 978-7-115-56911-0
000 01094nam 2200277 450
001 2144139840
005 20211114121547.59
010    @a978-7-115-56911-0@dCNY59.90
100    @a20210905d2021 em y0chiy50 ea
101 0  @achi
102    @aCN@b110000
105    @aak z 000yy
200 1  @a从零开始@Acong ling kai shi@iC++程序设计基础教程@f肖连编著
210    @a北京@c人民邮电出版社@d2021
215    @a312页@c图@d26cm
225 2  @a人邮云课堂@Aren you yun ke tang
300    @a云课版
330    @a本书以零基础讲解为宗旨,介绍了C++程序设计的相关知识和实战技能。全书第1-8章主要讲解了C++基础入门、数据类型、运算符和表达式、程序控制结构和语句、数组、函数、指针以及输入输出等;第9-12章主要讲解了类与对象、命名空间、继承与派生以及多态与重载等;第13-15章主要讲解了文件、模板以及异常处理等。
410  0 @12001 @a人邮云课堂
517 1  @aC++程序设计基础教程@AC++ cheng xu she ji ji chu jiao cheng
606 0  @aC++语言@AC++ yu yan@x程序设计
690    @aTP312.8C++@v5
690    @aTP312.8@v4
701  0 @a肖连@Axiao lian@4编著
801  0 @aCN@bBP@c20210905
905    @aZUCC@dTP312.8@e21
    
    从零开始.C++程序设计基础教程/肖连编著.-北京:人民邮电出版社,2021
    312页:图;26cm.-(人邮云课堂)
    云课版
    
    ISBN 978-7-115-56911-0:CNY59.90
    本书以零基础讲解为宗旨,介绍了C++程序设计的相关知识和实战技能。全书第1-8章主要讲解了C++基础入门、数据类型、运算符和表达式、程序控制结构和语句、数组、函数、指针以及输入输出等;第9-12章主要讲解了类与对象、命名空间、继承与派生以及多态与重载等;第13-15章主要讲解了文件、模板以及异常处理等。
●
相关链接 在五车中查询图书 在当当中查询图书 在豆瓣中查询图书


正题名:从零开始     索取号:TP312.8/21         预约/预借

序号 登录号 条形码 馆藏地/架位号 状态 备注
1 2000886400   2000886400   第三书库/ [索取号:TP312.8/21] 在馆    
2 2000886401   2000886401   第三书库/ [索取号:TP312.8/21] 在馆    
3 2000886402   2000886402   第三书库/ [索取号:TP312.8/21] 在馆    
山东省滨州职业学院图书馆 欢迎您!
大连网信软件有限公司© 版权所有